000 00631nam a2200217Ii 4500
003 JO-AjNU
008 230606s9999||||xx |||||||||||||| ||und||
020 _a0-8053-2214-0
040 _aJO-AjNU
_beng
_erda
_cJO-AjNU
041 _aeng
050 1 4 _aQA76.C357.1984
100 3 _aCapron,Robert/Williams,Harry,
_eauthor
_93548
245 0 0 _aComputers And Processing
250 _a2 ed
264 3 1 _aLondon.1984
300 _a458p
336 _atext
_btxt
_2rdacontent
337 _aunmediated
_bn
_2rdamedia
338 _avolume
_bnc
_2rdacarrier
650 4 _a Electronic digital computers. - Electronic data processing
_93549
999 _aE1852
_c1852
_d1852